000 00647nam a2200241Ia 4500
003 OSt
005 20220918214732.0
006 a|||||r|||| 00| 0
007 ta
008 220917b |||||||| |||| 00| 0 eng d
024 _a138,765
037 _cTextual
040 _aARTS
_cARTS
_beng
041 _2eng
_aeng
082 _aY:481.44(Q7).N9, N6
100 _aJalazai M K
_9132379
245 0 _aSectarianism and ethnic violence in Pakistan
260 _aLahore
_bIzharsons
_c1996
300 _a549p.
_ccm.
650 _aSOCIOLOGY
942 _hY:481.44(Q7).N9, N6
_cTEXL
_2CC
999 _c261815
_d261815